LEADER 00870nam a2200229 a 4500 001 000000137156 003 CaOOAMICUS 005 20140128113705.0 008 140128s1959 fr u000 u fre r 040 $aPUL$bita 245 00$aEcrits sur Pascal /$cavec la collaboration de : Annie Barnes ... [et al.]. 260 $aParis :$bEd. du Luxembourg,$c1959. 300 $a205 p. ;$c19 cm 504 $aBibliografia in nota. 600 14$aPascal, Blaise,$d1623-1662$xCritica e interpretazione.$0(OLS)http://pul/subject/2086 700 1 $aBarnes, Annie.$0(OLS)http://pul/name/16864 850 $aPUL 852 $aPUL$W1$xDP1 Fondo E. Rossi$y115$m4 A 41$j115676$qFondi$B157593$CPULBib$Z2$F157593 $82 941 1 $a1 996 $6245$aEcrits sur Pascal$9(OLS)http://pul/title/173628 996 $6260$aParis :$bEd. du Luxembourg$9(OLS)http://pul/publisher/82599 LEADER 01919nam a2200385 a 4500 001 000000138072 003 CaOOAMICUS 005 20160322110347.0 008 140409s2013 vc u000 u eng r 020 $a978-88-209-9207-1 032 $aLibriCat 040 $aPUL$bita 082 04$a262.9 110 2 $aPapi (2013-2025 : Franciscus).$0(OLS)http://pul/name/86910 245 10$aApostolic exhortation Evangelii gaudium of the holy Father Francis to the bishops, clergy, consacrated persons and the lay faithful on the proclamation of the gospel in today's world. 246 34$aEvangelii Gaudium 260 $aCittą del Vaticano :$bLibreria editrice vaticana,$c©2013. 300 $a255 p. ;$c17 cm 490 1 $aMagistero di Francesco ;$v02 500 $aIn testa alla cop.: Francis. 504 $aBibliografia in nota. 610 24$aPapi (2013-2025 : Franciscus)$tEvangelii Gaudium.$0(OLS)http://pul/subject/41351 650 4$aEvangelizzazione$ySec. XXI.$0(OLS)http://pul/subject/27584 830 0$aMagistero di Francesco ;$v02.$0(OLS)http://pul/title/172766 850 $aPUL 852 $aPUL$W1$xSL Diritto Canonico 3$y77$m262. 9 FRANC 2$j159150$qDDC 21$B158697$CPULBib$Z2$F158697 $H123827 $82 900 $aFranciscus PP.,$d1936-2025$986910 900 $aFranciscus PP.,$d1936-2025$986910 941 1 $a9 996 $6020$a978-88-209-9207-1$9(OLS)http://pul/number/155047 996 $6082$a262.9$9(OLS)http://pul/classification/369 996 $6246$aEvangelii Gaudium$9(OLS)http://pul/title/172765 996 $6245$aApostolic exhortation Evangelii gaudium of the holy Father Francis to the bishops, clergy, consacrated persons and the lay faithful on the proclamation of the gospel in today's world$9(OLS)http://pul/title/174822 996 $6260$aCittą del Vaticano :$bLibreria editrice vaticana$9(OLS)http://pul/publisher/47920